| 000 | 00342nam a2200133Ia 4500 | ||
|---|---|---|---|
| 005 | 20260328104325.0 | ||
| 008 | 260328s9999||||xx |||||||||||||| ||und|| | ||
| 100 | _aZaplana, Eduardo | ||
| 245 | 0 |
_aSantiago Calatrava / _cEduardo Zaplana |
|
| 260 | _bMuseo Nacional de Bellas Artes | ||
| 300 | _a160 p. | ||
| 650 | _aARQUITECTOS | ||
| 942 | _cBK | ||
| 999 |
_c11504 _d11504 |
||